Ady-emlékest
Elmentve itt :
| Dokumentumtípus: | Cikk |
|---|---|
| Megjelent: |
1969-02-23
|
| Sorozat: | Délmagyarország
59 No. 45 |
| Kulcsszavak: | Ady Endre, Csukás István, Irodalmi élet Szeged 1969, Irodalmi est - Ady |
| Online Access: | http://dmarchiv.bibl.u-szeged.hu/56077 |
| LEADER | 00442nab a2200145 i 4500 | ||
|---|---|---|---|
| 001 | delm56077 | ||
| 005 | 20180927141842.0 | ||
| 008 | 180927s1969 hu o 0|| hun d | ||
| 040 | |a SZTE Délmagyarország Archívum |b hun | ||
| 041 | |a hun | ||
| 245 | 0 | 0 | |a Ady-emlékest |h [elektronikus dokumentum] |
| 260 | |c 1969-02-23 | ||
| 300 | |a 5 | ||
| 490 | 0 | |a Délmagyarország |v 59 No. 45 | |
| 695 | |a Ady Endre, Csukás István, Irodalmi élet Szeged 1969, Irodalmi est - Ady | ||